000 00370nam a2200145 4500
001 126309
003 ES-MaACL
005 20230906192809.0
007 t|
008 070214s1958 sp r ||||1| spa d
245 0 0 _aRecaudación e impuestos de hacienda.
260 _aMadrid :
_bV.A.S.A.,
_c1958.
300 _a54 p. ;
_c25 cm.
852 _aES-MaACL
_jC-23955
_bR.41881
999 _c126309
_d126309